University Home | Library Home | Institutional Repository

Directory of Advanced Training opportunities in the ACP countries. (Record no. 114932)

MARC details
000 -LEADER
fixed length control field 00393cam a2200133 4500
008 - FIXED-LENGTH DATA ELEMENTS--GENERAL INFORMATION
fixed length control field 101018n 000 0 eng u
020 ## - INTERNATIONAL STANDARD BOOK NUMBER
International Standard Book Number 9064900418
035 ## - SYSTEM CONTROL NUMBER
System control number (Sirsi) a171711
050 ## - LIBRARY OF CONGRESS CALL NUMBER
Classification number AY 2001 ADV 2006
245 ## - TITLE STATEMENT
Title Directory of Advanced Training opportunities in the ACP countries.
260 ## - PUBLICATION, DISTRIBUTION, ETC.
Place of publication, distribution, etc. Hague:
Name of publisher, distributor, etc. Nivo,drukkerij & DTP,
Date of publication, distribution, etc. 1998
300 ## - PHYSICAL DESCRIPTION
Extent xxiv, 622p.
650 ## - SUBJECT ADDED ENTRY--TOPICAL TERM
Topical term or geographic name entry element Directories

No items available.

© 2026 - The University of Zambia Library - Koha v25.11